The developing person through the life span / (Record no. 7364)
[ view plain ]
| 000 -LEADER | |
|---|---|
| fixed length control field | 00912cac a22002531u 4500 |
| 090 ## - LOCALLY ASSIGNED LC-TYPE CALL NUMBER (OCLC); LOCAL CALL NUMBER (OCLC) | |
| -- | 7364 |
| 008 - FIXED-LENGTH DATA ELEMENTS--GENERAL INFORMATION | |
| fixed length control field | 081106t1998 xxu||||| |||| 00| 0 eng d |
| 010 ## - LIBRARY OF CONGRESS CONTROL NUMBER | |
| LC control number | 96060598 |
| 020 ## - INTERNATIONAL STANDARD BOOK NUMBER | |
| International Standard Book Number | 1572591064 (hardcover) |
| 082 00 - DEWEY DECIMAL CLASSIFICATION NUMBER | |
| Classification number | 155 |
| Item number | BER |
| 100 ## - MAIN ENTRY--PERSONAL NAME | |
| Personal name | Berger, Kathleen Stass |
| 245 14 - TITLE STATEMENT | |
| Title | The developing person through the life span / |
| Statement of responsibility, etc | Kathleen Stassen Berger ; with the assistance of Ross A. Thompson. |
| 250 ## - EDITION STATEMENT | |
| Edition statement | 4th ed. |
| 260 ## - PUBLICATION, DISTRIBUTION, ETC. (IMPRINT) | |
| Place of publication, distribution, etc | New York, NY : |
| Name of publisher, distributor, etc | Worth Publishers, |
| Date of publication, distribution, etc | c1998. |
| 300 ## - PHYSICAL DESCRIPTION | |
| Extent | 1 v. (various pagings) : |
| Other physical details | ill. (some col.) ; |
| Dimensions | 29 cm. |
| 500 ## - GENERAL NOTE | |
| General note | distributer: Al-Ahram |
| 504 ## - BIBLIOGRAPHY, ETC. NOTE | |
| Bibliography, etc | Includes bibliographical references and indexes. |
| 511 ## - PARTICIPANT OR PERFORMER NOTE | |
| Participant or performer note | catalogued by: wessam |
| 650 #0 - SUBJECT ADDED ENTRY--TOPICAL TERM | |
| Topical term or geographic name as entry element | Developmental psychology. |
| 700 1# - ADDED ENTRY--PERSONAL NAME | |
| Personal name | Thompson, Ross A. |
| 942 ## - ADDED ENTRY ELEMENTS (KOHA) | |
| Item type | Book - Borrowing |
| Call number prefix | 155BER |
| Source of classification or shelving scheme | Dewey Decimal Classification |
| Withdrawn status | Item status | Damaged status | Not for loan | Home library | Current library | Shelving location | Date acquired | Source of acquisition | Total Checkouts | Total Renewals | Full call number | Barcode | Date last seen | Date last borrowed | Koha item type |
|---|---|---|---|---|---|---|---|---|---|---|---|---|---|---|---|
| Central Library | Central Library | Lower Floor | 23/01/2008 | Purchase | 6 | 9 | 155BER | 000008976 | 15/07/2025 | 14/02/2023 | Book - Borrowing | ||||
| Central Library | Central Library | Lower Floor | 08/05/2011 | Purchase | 3 | 24 | 155BER | 000011059 | 15/07/2025 | 06/09/2016 | Book - Borrowing |